000 01406nam a2200337 i 4500
003 EG-GICUC
005 20260310132627.0
008 260122s2005 ua |||fr|||| 00| 0 ara d
017 _a10820/2004
040 _a EG-GICUC
_bara
_c EG-GICUC
_d EG-GICUC
_erda
041 0 _aAra
082 0 4 _221
_a343.114
_bح س . م
092 0 4 _221
099 _aLaw1 10 343.114 ح س . م 2005
100 0 _aحسنى الجندى
_eمؤلف.
245 1 2 _aالمقاصد الشرعية للعقوبات فى الإسلام :
_bبيان المقاصد وتطبيقها وآثارها والشبهات التى أثيرت حولها ومقارنتها بمقاصد القوانين الوضعية قبل الإسلام وبعده *
_cتأليف الدكتور حسنى الجندى.
250 _aالطبعة الأولى
264 1 _aالقاهرة :
_bدار النهضة العربية،
_c2005.
264 3 _bمطبعة الإسراء
300 _a810 صفحة؛
_c24 سم.
336 _2rda content
_atext
337 _2rda media
_aComputer
338 _2rda carrier
_aOnline Resource
546 _aالنص باللغة العربية
650 1 _aمبدأ شرعية الجرائم والعقوبات
_2qrmak
650 1 _aالقانون الجنائى
_2qrmak
651 1 _2qrmak
856 4 0 _uhttps://fll.law.cu.edu.eg/fulltext/bks/B10-07820.pdf
905 _a54
942 _2ddc
_cBK
_e21
_n0
999 _c58601
_d58601